000 01117cam a22002055a 4500
001 L150294
008 100623e2010 xxk 000 0 eng d
035 _a(Sirsi) u150294
041 0 _aeng
100 1 _aSandher, Hardeep
245 0 0 _aMarkets
_bYorkshire
260 _c2010
490 0 _aProperty Week
_v76(24)18 June 2010, 47-54(5)
520 _aMEPC have submitted new plans for Leeds' Wellington Place development. Vacancy rate at Doncaster's Frenchgate shopping centre limited to just 4% while plans for Doncaster's £300m civic and cultural quarter are now council approved. Town Centre Securities concentrates on making its Leeds mixed-use Merrion Centre a commercial success. Munroe K's 35 000 sq ft Leeds White Rose Office Park is paused awaiting new building regulations. Leeds office investment market has performed well in Q1 2010 with prospects in Q2 brighter still. Big sheds are back in demand in the Yorkshire's industrial sector.
590 _aKA
651 4 _aYorkshire
_y1888-
690 _aPROPERTY-COMMERCIAL PROPERTY-COMMERCIAL PROPERTY MARKET
700 1 _aZiff, Edward
942 _n0
999 _c82443
_d82443